[Event "17MCR_PFA"]
[Site "?"]
[Date "2003.??.??"]
[Round "?"]
[White "Toman, Antonin"]
[Black "Jakimic, Viktor"]
[Result "1/2-1/2"]
[WhiteElo "2205"]
[BlackElo "2135"]
[PlyCount "128"]
[EventDate "2003.??.??"]
[EventType "corr"]
[EventRounds "1"]
[SourceDate "2005.10.25"]

1. e4 c5 2. b3 Nc6 3. Bb2 e5 4. Nf3 d6 5. Bb5 Nge7 6. O-O g6 7. b4 cxb4 8. d4
Bg7 9. d5 a6 10. Bd3 Nb8 11. Qd2 Bg4 12. Qxb4 Bxf3 13. gxf3 Qc7 14. Nd2 Nd7 15.
f4 O-O 16. Nc4 Nc8 17. fxe5 Nxe5 18. Nxe5 dxe5 19. c4 a5 20. Qa3 b6 21. Rac1
Nd6 22. c5 bxc5 23. Rxc5 Qd7 24. f4 Rfb8 25. Rcc1 Rb4 26. Bxe5 Qg4+ 27. Kh1 Qh3
28. Qc3 Rc8 29. Qd2 Rxc1 30. Rxc1 Qf3+ 31. Kg1 Bxe5 32. fxe5 Nxe4 33. Qe2 Ng5
34. Qxf3 Nxf3+ 35. Kf1 Nxe5 36. Be2 f6 37. Rc8+ Kg7 38. Rc7+ Kh6 39. Kf2 f5 40.
Re7 Nc4 41. Bxc4 Rxc4 42. d6 Rd4 43. d7 g5 44. Ke3 Rd5 45. a4 Kg6 46. Kf3 h5
47. Re6+ Kg7 48. Re5 Rxd7 49. Rxf5 Rf7 50. Ke4 Rxf5 51. Kxf5 Kh6 52. Kf6 h4 53.
h3 g4 54. hxg4 h3 55. g5+ Kh7 56. Kf7 h2 57. g6+ Kh6 58. g7 h1=Q 59. g8=Q Qd5+
60. Kf8 Qxg8+ 61. Kxg8 Kg6 62. Kf8 Kf6 63. Ke8 Ke6 64. Kf8 Kd6 1/2-1/2

[Event "17MCR_PFA"]
[Site "?"]
[Date "2003.??.??"]
[Round "?"]
[White "Barta, Tomas"]
[Black "Toman, Antonin"]
[Result "1/2-1/2"]
[WhiteElo "1835"]
[BlackElo "2205"]
[PlyCount "173"]
[EventDate "2003.??.??"]
[EventType "corr"]
[EventRounds "1"]
[SourceDate "2005.10.25"]

1. d4 Nf6 2. c4 e6 3. Nf3 d5 4. Bg5 h6 5. Bxf6 Qxf6 6. Qb3 c6 7. Nc3 a5 8. e3
Nd7 9. Bd3 Be7 10. O-O O-O 11. Qc2 Rd8 12. Rac1 Rb8 13. a3 b6 14. cxd5 cxd5 15.
Bb5 Bb7 16. Na4 Bd6 17. Bxd7 Rxd7 18. Nxb6 Rc7 19. Qe2 Qd8 20. Na4 Bc6 21. Nc3
Rb6 22. Rc2 Qb8 23. Rfc1 Be8 24. g3 a4 25. Ne1 Rb3 26. e4 dxe4 27. Nxe4 Rxc2
28. Rxc2 Be7 29. Nc5 Rb6 30. Nf3 Qd8 31. Qe3 Rb8 32. Qe4 Qb6 33. Nd3 Rd8 34.
Nde5 Bf6 35. h4 Qb3 36. Kh2 Qb6 37. Kg2 Qa7 38. Rc3 Qb8 39. Qc2 Qa8 40. Kh2 Rb8
41. Kg1 Qd5 42. Rc5 Qd6 43. h5 Qb6 44. Nc6 Ra8 45. Nfe5 Qb7 46. Rc3 Ra6 47. Kh2
Ra8 48. Rc5 Bd8 49. Rc4 Bf6 50. Kg1 Ra6 51. Rc3 Ra8 52. Rc5 Kh8 53. Qc3 Kg8 54.
f3 Qa6 55. Kf2 Kh7 56. Ng4 Bg5 57. Qc2+ Kg8 58. Nge5 Qb7 59. Qc3 Bf6 60. Kg2
Qa6 61. Qc2 Qb7 62. Kh2 Qa6 63. Rc4 Qb5 64. Kg2 Qb7 65. Rc5 Bd8 66. Nxd8 Rxd8
67. Nc6 Rd6 68. Na5 Qd7 69. Rc7 Qb5 70. Rc8 Kf8 71. Rc5 Qd7 72. Rc7 Qb5 73. b4
Rxd4 74. g4 f5 75. Rc4 Rd8 76. Rc5 Qb8 77. Nc4 fxg4 78. fxg4 Qb7+ 79. Kg3 Qh1
80. Ne5 Kg8 81. Nf3 Qf1 82. Rc3 Rd5 83. Qe4 Bd7 84. Qf4 Qb5 85. Qc7 Qe2 86.
Qb8+ Kh7 87. Qf4 1/2-1/2

[Event "17MCR_PFA"]
[Site "?"]
[Date "2003.??.??"]
[Round "?"]
[White "Kostal, Jindrich"]
[Black "Geryk, Miroslav"]
[Result "1-0"]
[WhiteElo "2330"]
[BlackElo "2235"]
[PlyCount "71"]
[EventDate "2003.??.??"]
[EventType "corr"]
[EventRounds "1"]
[SourceDate "2005.10.25"]

1. e4 c5 2. Nf3 d6 3. d4 cxd4 4. Nxd4 Nf6 5. Nc3 a6 6. Be2 e5 7. Nb3 Be7 8. O-O
O-O 9. Be3 Be6 10. Qd2 Nc6 11. Rfd1 a5 12. Nc1 a4 13. a3 Qc7 14. N1a2 Rfd8 15.
Nd5 Bxd5 16. exd5 Na5 17. Qd3 Rdc8 18. Nc3 Nc4 19. Bc1 Ra5 20. Qh3 Nb6 21. Bb5
Qd8 22. Rb1 Rc5 23. Bd3 Nbxd5 24. Nxd5 Rxd5 25. c4 Rdc5 26. Bd2 Ra8 27. Be3
Rcc8 28. b4 axb3 29. Rxb3 e4 30. Bf1 d5 31. cxd5 Rc2 32. Rxb7 Bxa3 33. d6 Bxd6
34. Bf4 Bxf4 35. Rxd8+ Rxd8 36. Rxf7 1-0

[Event "17MCR_PFA"]
[Site "?"]
[Date "2003.??.??"]
[Round "?"]
[White "Dedina, Miroslav"]
[Black "Javorsky, Jan"]
[Result "1/2-1/2"]
[WhiteElo "2325"]
[BlackElo "2245"]
[PlyCount "70"]
[EventDate "2003.??.??"]
[EventType "corr"]
[EventRounds "1"]
[SourceDate "2005.10.25"]

1. e4 c5 2. Nf3 Nc6 3. d4 cxd4 4. Nxd4 e6 5. Nc3 Qc7 6. Be2 a6 7. O-O Nf6 8.
Be3 Bb4 9. Na4 O-O 10. Nxc6 bxc6 11. c4 Bd6 12. g3 Nxe4 13. c5 Be7 14. Bd3 d5
15. cxd6 Nxd6 16. Qc2 h6 17. Bb6 Qb7 18. Rac1 Rb8 19. Qe2 Re8 20. Rfd1 e5 21.
Bc5 e4 22. Bxa6 Qxa6 23. Qxa6 Bxa6 24. Bxd6 Bxd6 25. Rxd6 Be2 26. b3 Bf3 27.
Nc5 Rbd8 28. Rxd8 Rxd8 29. a4 f5 30. a5 Kf7 31. b4 g5 32. Ra1 Ke7 33. a6 Ra8
34. a7 Kd6 35. Kf1 Kc7 1/2-1/2

[Event "17MCR_PFA"]
[Site "?"]
[Date "2003.??.??"]
[Round "?"]
[White "Kuta, Jiri"]
[Black "Klempar, Miloslav"]
[Result "1/2-1/2"]
[WhiteElo "2305"]
[BlackElo "2250"]
[PlyCount "83"]
[EventDate "2003.??.??"]
[EventType "corr"]
[EventRounds "1"]
[SourceDate "2005.10.25"]

1. d4 Nf6 2. c4 e6 3. Nf3 b6 4. g3 Bb7 5. Bg2 Be7 6. O-O O-O 7. Nc3 Ne4 8. Bd2
Nxd2 9. Qxd2 d6 10. e4 Nd7 11. d5 Bf6 12. Rad1 a6 13. b3 Qe7 14. Nd4 Bxd4 15.
Qxd4 e5 16. Qd2 a5 17. Rb1 Nc5 18. a3 Rfe8 19. b4 axb4 20. axb4 Nd7 21. Ra1 Nf8
22. Rfc1 h6 23. Nd1 Qf6 24. Ne3 Ng6 25. c5 bxc5 26. bxc5 Rxa1 27. Rxa1 dxc5 28.
Qc2 Qd6 29. Nc4 Qf8 30. Ra7 Rb8 31. Na5 Ra8 32. Rxb7 Rxa5 33. Rxc7 Qb8 34. Rxc5
Rxc5 35. Qxc5 Qb1+ 36. Bf1 Qxe4 37. Bb5 Qb1+ 38. Bf1 Qe4 39. d6 Nh4 40. Qe3
Nf3+ 41. Kg2 Ne1+ 42. Kg1 1/2-1/2

[Event "17MCR_PFA"]
[Site "?"]
[Date "2003.??.??"]
[Round "?"]
[White "Vondracek, Emil"]
[Black "Bosak, Zdenek"]
[Result "1/2-1/2"]
[WhiteElo "2275"]
[BlackElo "2250"]
[PlyCount "83"]
[EventDate "2003.??.??"]
[EventType "corr"]
[EventRounds "1"]
[SourceDate "2005.10.25"]

1. e4 c5 2. Nc3 Nc6 3. f4 e6 4. Nf3 Nge7 5. Bb5 a6 6. Bxc6 Nxc6 7. d4 cxd4 8.
Nxd4 Be7 9. Be3 Bh4+ 10. g3 Be7 11. Kf2 O-O 12. Nxc6 bxc6 13. Qh5 d5 14. Rhd1
Rb8 15. b3 f5 16. Bd4 Qe8 17. Qxe8 Rxe8 18. exf5 exf5 19. Re1 Kf7 20. Na4 h6
21. Bc5 Bf6 22. Rxe8 Kxe8 23. Re1+ Kf7 24. Bd6 Rb7 25. Kf3 Rd7 26. Be5 Bd8 27.
Nc5 Re7 28. Ke3 g5 29. Kd4 Re8 30. Re3 g4 31. a4 h5 32. b4 h4 33. c4 dxc4 34.
Kxc4 h3 35. Re2 Be7 36. Bc7 Bf8 37. Rxe8 Kxe8 38. Kd4 Ke7 39. Nd3 Ke6 40. Bb6
Be7 41. Kc4 Bd6 42. Bd4 1/2-1/2

[Event "17MCR_PFA"]
[Site "?"]
[Date "2003.??.??"]
[Round "?"]
[White "Prchly, Milos"]
[Black "Doubek, Svatopluk"]
[Result "1-0"]
[WhiteElo "2270"]
[BlackElo "2255"]
[PlyCount "125"]
[EventDate "2003.??.??"]
[EventType "corr"]
[EventRounds "1"]
[SourceDate "2005.10.25"]

1. d4 d5 2. c4 e6 3. Nc3 Nf6 4. Bg5 Be7 5. e3 O-O 6. Nf3 h6 7. Bh4 b6 8. Bd3
Bb7 9. Bxf6 Bxf6 10. cxd5 exd5 11. O-O c5 12. Rc1 Re8 13. Re1 Nd7 14. Bf5 Nf8
15. Qd2 g6 16. Bc2 Ne6 17. Rcd1 cxd4 18. exd4 Kg7 19. Ne5 Rc8 20. f4 a6 21. Qf2
Rc7 22. Ng4 Kf8 23. Nxf6 Qxf6 24. f5 gxf5 25. Re5 f4 26. Bb3 Rd8 27. Nxd5 Bxd5
28. Bxd5 Rd6 29. Rde1 Kg7 30. a3 b5 31. Bxe6 Rxe6 32. Rxe6 fxe6 33. h3 Rf7 34.
Kh2 Qg6 35. b4 Rf6 36. Qf3 Rf7 37. Re4 Qf5 38. Re5 Qg6 39. Rc5 Qg3+ 40. Qxg3+
fxg3+ 41. Kxg3 Rd7 42. Rc6 Rxd4 43. Rxa6 Kf6 44. Ra5 Rd5 45. Kf4 h5 46. Ra8 e5+
47. Ke4 Rd4+ 48. Ke3 Rc4 49. Ra5 Kf5 50. Kd2 Rc6 51. Rxb5 Rg6 52. g4+ hxg4 53.
hxg4+ Rxg4 54. a4 Rg3 55. a5 Ra3 56. Kc2 Kf4 57. Kb2 Ra4 58. Kb3 Ra1 59. Rb8 e4
60. Rf8+ Kg4 61. Kc4 Ra3 62. Kb5 e3 63. Ka6 1-0

[Event "17MCR_PFA"]
[Site "?"]
[Date "2003.??.??"]
[Round "?"]
[White "Novak, Vratislav"]
[Black "Pytlik, Lesek"]
[Result "1/2-1/2"]
[WhiteElo "2265"]
[BlackElo "2260"]
[PlyCount "94"]
[EventDate "2003.??.??"]
[EventType "corr"]
[EventRounds "1"]
[SourceDate "2005.10.25"]

1. e4 e5 2. Nf3 Nc6 3. Bb5 a6 4. Ba4 Nf6 5. O-O Nxe4 6. d4 b5 7. Bb3 d5 8. dxe5
Be6 9. Nbd2 Nc5 10. c3 Bg4 11. Bc2 Be7 12. Re1 d4 13. Nb3 dxc3 14. Nxc5 Bxc5
15. Be4 Qxd1 16. Rxd1 Bd7 17. bxc3 Rb8 18. Rd5 Bb6 19. Ba3 Na5 20. Ng5 Bc6 21.
Rad1 Bxd5 22. Bxd5 c5 23. Nxf7 Rf8 24. e6 Ke7 25. Bc1 h6 26. Bf4 Rbd8 27. Nxd8
Rxf4 28. Nf7 c4 29. Bf3 Kxe6 30. Rd6+ Kxf7 31. Rxb6 Rf6 32. Rxf6+ Kxf6 33. Kf1
Ke5 34. Ke2 Kd6 35. Kd2 Nc6 36. Bxc6 Kxc6 37. a3 Kd5 38. h4 Ke4 39. Ke2 Kf4 40.
g3+ Kg4 41. Ke3 h5 42. Ke4 Kh3 43. Kf3 Kh2 44. Ke3 Kg2 45. Ke2 a5 46. Ke1 Kf3
47. Kf1 Ke4 1/2-1/2

[Event "17MCR_PFA"]
[Site "?"]
[Date "2003.??.??"]
[Round "?"]
[White "Volek, Stanislav"]
[Black "Jirku, Jaroslav"]
[Result "1-0"]
[WhiteElo "2265"]
[BlackElo "2265"]
[PlyCount "125"]
[EventDate "2003.??.??"]
[EventType "corr"]
[EventRounds "1"]
[SourceDate "2005.10.25"]

1. d4 d5 2. Nf3 Nf6 3. c4 e6 4. Nc3 Be7 5. Bg5 O-O 6. e3 h6 7. Bh4 b6 8. Qc2
Bb7 9. Bxf6 Bxf6 10. cxd5 exd5 11. O-O-O c5 12. h4 cxd4 13. exd4 Nc6 14. g4 g6
15. g5 hxg5 16. hxg5 Bxg5+ 17. Kb1 Kg7 18. a3 Bf6 19. Rg1 Rh8 20. Bd3 Rh6 21.
Ne2 Qd6 22. Qd2 Rah8 23. Ng3 Kf8 24. Qe3 a6 25. Rde1 Be7 26. Ne2 b5 27. Ne5
Nxe5 28. dxe5 Qc5 29. Qf3 g5 30. Rc1 Qb6 31. Qf5 Ke8 32. f4 b4 33. axb4 Rh2 34.
fxg5 Rf2 35. Qg4 Kd8 36. g6 fxg6 37. Qxg6 Qxg6 38. Rxg6 Rh3 39. Rg8+ Rf8 40.
Rxf8+ Bxf8 41. Nf4 Re3 42. Ne6+ Ke7 43. Ng5 Rxd3 44. Rc7+ Ke8 45. Rxb7 Re3 46.
Ne6 Bh6 47. Rh7 Bf8 48. Nc7+ Kd8 49. Nxa6 Rxe5 50. b5 Be7 51. Nb8 Re6 52. Nc6+
Ke8 53. Kc2 Bc5 54. Rh8+ Kd7 55. Rd8+ Kc7 56. Rxd5 Kb6 57. Ne5 Bg1 58. Kb3 Kb7
59. Kb4 Bf2 60. Nc4 Be1+ 61. Ka4 Re4 62. b3 Bf2 63. Rd7+ 1-0

[Event "17MCR_PFA"]
[Site "?"]
[Date "2003.??.??"]
[Round "?"]
[White "Pytlik, Lesek"]
[Black "Volek, Stanislav"]
[Result "1/2-1/2"]
[WhiteElo "2260"]
[BlackElo "2265"]
[PlyCount "110"]
[EventDate "2003.??.??"]
[EventType "corr"]
[EventRounds "1"]
[SourceDate "2005.10.25"]

1. e4 e6 2. d4 d5 3. Nd2 c5 4. Ngf3 cxd4 5. Nxd4 Nf6 6. e5 Nfd7 7. N2f3 Nc6 8.
Bf4 Qb6 9. Rb1 Bc5 10. c3 f6 11. b4 Nxd4 12. Nxd4 Be7 13. Be3 O-O 14. Nf5 Qd8
15. Nxe7+ Qxe7 16. exf6 Qxf6 17. Qd4 a5 18. b5 Qg6 19. Rd1 Nf6 20. Qd3 Qxd3 21.
Bxd3 e5 22. f3 Be6 23. Kd2 Rac8 24. Rhe1 Nd7 25. b6 Nf6 26. Bg1 Nd7 27. Bb5 Rf5
28. Re2 Nf6 29. Rde1 e4 30. Bd4 Bf7 31. Rf2 Be8 32. Be2 h5 33. Rff1 Bd7 34. h4
Rf4 35. Rh1 exf3 36. gxf3 Re8 37. Bd1 Rxe1 38. Kxe1 Ne8 39. Bb3 Bc6 40. Kf2 Rf8
41. Re1 Nd6 42. Re5 Nf5 43. Rxd5 a4 44. Rxf5+ axb3 45. Rxf8+ Kxf8 46. axb3 g6
47. c4 Ke7 48. Ke3 Bd7 49. b4 Be6 50. Bc5+ Kf6 51. Kd4 Kf7 52. Bd6 Ke8 53. b5
Bd7 54. Ke5 Kd8 55. Kf6 Bf5 1/2-1/2

[Event "17MCR_PFA"]
[Site "?"]
[Date "2003.??.??"]
[Round "?"]
[White "Doubek, Svatopluk"]
[Black "Novak, Vratislav"]
[Result "1/2-1/2"]
[WhiteElo "2255"]
[BlackElo "2265"]
[PlyCount "47"]
[EventDate "2003.??.??"]
[EventType "corr"]
[EventRounds "1"]
[SourceDate "2005.10.25"]

1. d4 d5 2. c4 e6 3. Nc3 c6 4. Nf3 Nf6 5. e3 Nbd7 6. Bd3 dxc4 7. Bxc4 b5 8. Bd3
Bb7 9. O-O a6 10. e4 c5 11. d5 c4 12. Bc2 e5 13. Qe2 Rc8 14. Bd2 Bc5 15. Nd1
O-O 16. Ne3 Qc7 17. Rfc1 g6 18. a4 Rfe8 19. axb5 axb5 20. Nd1 Bd4 21. Bb4 Nc5
22. Ba5 Qd7 23. Bb4 Qc7 24. Ba5 1/2-1/2

[Event "17MCR_PFA"]
[Site "?"]
[Date "2003.??.??"]
[Round "?"]
[White "Bosak, Zdenek"]
[Black "Prchly, Milos"]
[Result "0-1"]
[WhiteElo "2250"]
[BlackElo "2270"]
[PlyCount "80"]
[EventDate "2003.??.??"]
[EventType "corr"]
[EventRounds "1"]
[SourceDate "2005.10.25"]

1. e4 e5 2. Nf3 Nf6 3. Nc3 Nc6 4. g3 d5 5. exd5 Nxd5 6. Bg2 Nxc3 7. bxc3 Bc5 8.
O-O O-O 9. Re1 Re8 10. d3 Bg4 11. h3 Bh5 12. Rb1 Bb6 13. g4 Bg6 14. Nd2 Qd7 15.
Qf3 Rad8 16. Nc4 f6 17. Nxb6 axb6 18. Qg3 Bf7 19. a3 Bd5 20. Bxd5+ Qxd5 21. Rb3
Qd7 22. Qf3 Rf8 23. Re4 f5 24. gxf5 Rxf5 25. Qg2 Rdf8 26. Be3 h5 27. Rb1 R8f6
28. Kh1 Rf3 29. Kh2 Qf7 30. Rf1 b5 31. Qg5 R6f5 32. Qg2 Ne7 33. Kg1 Qf6 34. d4
Ng6 35. dxe5 Nxe5 36. Re1 c5 37. Re2 Ng6 38. Kf1 Kh7 39. Bd2 Qf7 40. Be1 b6 0-1

[Event "17MCR_PFA"]
[Site "?"]
[Date "2003.??.??"]
[Round "?"]
[White "Klempar, Miloslav"]
[Black "Vondracek, Emil"]
[Result "0-1"]
[WhiteElo "2250"]
[BlackElo "2275"]
[PlyCount "80"]
[EventDate "2003.??.??"]
[EventType "corr"]
[EventRounds "1"]
[SourceDate "2005.10.25"]

1. e4 e6 2. d4 d5 3. Nc3 Bb4 4. e5 c5 5. a3 Bxc3+ 6. bxc3 Ne7 7. Qg4 Qc7 8.
Qxg7 Rg8 9. Qxh7 cxd4 10. Ne2 Nbc6 11. f4 Bd7 12. Qd3 dxc3 13. Qxc3 Nf5 14. h3
d4 15. Qd3 O-O-O 16. g4 Nh4 17. Rh2 a6 18. Rf2 f6 19. exf6 Be8 20. Qb3 Bf7 21.
Rb1 e5 22. Qg3 Nf5 23. Qd3 Nd6 24. fxe5 Nxe5 25. Qxd4 Rge8 26. Qb2 Nec4 27. Qb4
Re5 28. a4 a5 29. Qb3 Nd2 30. Qb2 N6c4 31. Qxb7+ Qxb7 32. Rxb7 Kxb7 33. Bg2+
Kc8 34. h4 Ne4 35. Rf3 Rde8 36. Bf1 Bd5 37. Bh6 Ned2 38. Rd3 Bf3 39. Rxd2 Nxd2
40. Kxd2 Bxe2 0-1

[Event "17MCR_PFA"]
[Site "?"]
[Date "2003.??.??"]
[Round "?"]
[White "Javorsky, Jan"]
[Black "Kuta, Jiri"]
[Result "1/2-1/2"]
[WhiteElo "2245"]
[BlackElo "2305"]
[PlyCount "112"]
[EventDate "2003.??.??"]
[EventType "corr"]
[EventRounds "1"]
[SourceDate "2005.10.25"]

1. d4 Nf6 2. c4 e6 3. Nc3 Bb4 4. e3 c5 5. Nge2 b6 6. a3 Ba5 7. g3 Bb7 8. d5 b5
9. Bg2 bxc4 10. O-O O-O 11. e4 d6 12. Bf4 e5 13. Bg5 Nbd7 14. Qa4 h6 15. Bxf6
Nxf6 16. Qxc4 Qc8 17. Rfc1 Rb8 18. Qa4 Bd8 19. b4 Bb6 20. h3 Qd8 21. Qc2 Rc8
22. b5 h5 23. Nd1 h4 24. Nb2 hxg3 25. Nxg3 Rb8 26. Nc4 Bc8 27. Rcb1 Bc7 28. a4
Bd7 29. Rb3 Ne8 30. Qe2 g6 31. Rab1 f5 32. exf5 gxf5 33. f4 e4 34. Qd2 Qh4 35.
a5 Rxb5 36. Rxb5 Bxb5 37. Nxf5 Rxf5 38. Rxb5 a6 39. Rb7 Rf7 40. f5 Re7 41. Qf2
Qg5 42. Rb3 Rg7 43. Kh1 Nf6 44. Nd2 Bxa5 45. Rb8+ Kf7 46. Rb7+ Ke8 47. Rb8+ Bd8
48. Nxe4 Nxe4 49. Bxe4 Kf7 50. Bg2 Bf6 51. Rb7+ Kg8 52. Rb6 Bd4 53. Qf1 Be5 54.
Rxa6 Qg3 55. Qg1 Rg5 56. Ra7 Kf8 1/2-1/2

[Event "17MCR_PFA"]
[Site "?"]
[Date "2003.??.??"]
[Round "?"]
[White "Geryk, Miroslav"]
[Black "Dedina, Miroslav"]
[Result "0-1"]
[WhiteElo "2235"]
[BlackElo "2325"]
[PlyCount "64"]
[EventDate "2003.??.??"]
[EventType "corr"]
[EventRounds "1"]
[SourceDate "2005.10.25"]

1. e4 e5 2. Nf3 Nc6 3. d4 exd4 4. Nxd4 Nf6 5. Nxc6 bxc6 6. e5 Qe7 7. Qe2 Nd5 8.
c4 Ba6 9. b3 f6 10. Bb2 Nf4 11. Qe3 fxe5 12. Bxe5 Ng6 13. Bd4 Qxe3+ 14. Bxe3
Bb7 15. Nc3 Bb4 16. Kd2 O-O 17. c5 Rf5 18. Bd3 Rh5 19. g4 Re5 20. a3 Bxc5 21.
Bxc5 Rxc5 22. Bxg6 hxg6 23. f4 Rf8 24. Rhf1 Ba6 25. Rf2 Rf6 26. Kc2 Re6 27. Kb2
Re3 28. Rc1 Kf8 29. Rcc2 Bc8 30. Rfd2 g5 31. f5 Kf7 32. Rf2 Rce5 0-1

[Event "17MCR_PFA"]
[Site "?"]
[Date "2003.??.??"]
[Round "?"]
[White "Toman, Antonin"]
[Black "Kostal, Jindrich"]
[Result "0-1"]
[WhiteElo "2205"]
[BlackElo "2330"]
[PlyCount "100"]
[EventDate "2003.??.??"]
[EventType "corr"]
[EventRounds "1"]
[SourceDate "2005.10.25"]

1. e4 e5 2. Nf3 Nc6 3. Bb5 a6 4. Bxc6 dxc6 5. O-O f6 6. d4 Bg4 7. c3 Bd6 8. Be3
Qe7 9. Nbd2 O-O-O 10. Qc2 exd4 11. cxd4 Re8 12. e5 fxe5 13. dxe5 Bxe5 14. Rfe1
Bf6 15. Bd4 Qd7 16. Qc5 b6 17. Rxe8+ Qxe8 18. Qc4 Kb7 19. Re1 Qd7 20. Be5 Be6
21. Qc3 Bf5 22. Nc4 h5 23. Nd4 Nh6 24. b4 Re8 25. a4 Nf7 26. f4 Bg4 27. h3 Be6
28. Bxf6 gxf6 29. Ne3 Bd5 30. Rd1 Rg8 31. Kh2 Be4 32. Qb3 Nh6 33. g3 Qg7 34.
Ng2 Bxg2 35. Kxg2 h4 36. Ne2 Qe7 37. Kf2 Re8 38. Qd3 Qxb4 39. gxh4 Qxa4 40. Rc1
Qa2 41. h5 Nf5 42. Rc2 Qd5 43. Qxd5 cxd5 44. Rd2 c6 45. Ng3 Nxg3 46. Kxg3 b5
47. Kg4 b4 48. Kf5 c5 49. Rxd5 b3 50. Rd1 c4 0-1

[Event "17MCR_PFA"]
[Site "?"]
[Date "2003.??.??"]
[Round "?"]
[White "Jakimic, Viktor"]
[Black "Barta, Tomas"]
[Result "1/2-1/2"]
[WhiteElo "2135"]
[BlackElo "1835"]
[PlyCount "88"]
[EventDate "2003.??.??"]
[EventType "corr"]
[EventRounds "1"]
[SourceDate "2005.10.25"]

1. d4 d5 2. c4 c6 3. Nc3 Nf6 4. cxd5 cxd5 5. Nf3 Nc6 6. Bf4 Bf5 7. e3 e6 8. Bb5
Nd7 9. O-O Rc8 10. Qb3 Be7 11. Rfc1 O-O 12. Bxc6 bxc6 13. Qb7 Nf6 14. Ne5 Rc7
15. Qa6 Qc8 16. Qxc8 Rcxc8 17. Na4 c5 18. Nxc5 Nh5 19. g4 Nxf4 20. exf4 Bg6 21.
Nxg6 hxg6 22. Nd7 Rfe8 23. Ne5 Bd6 24. Nc6 Rc7 25. Ne5 Rec8 26. Rxc7 Rxc7 27.
a3 Rc2 28. b4 Bxe5 29. fxe5 Kf8 30. b5 Rc4 31. Rd1 Rc3 32. Kf1 Ke7 33. Ke2 Rxa3
34. Rc1 Kd7 35. h4 Ra5 36. Rc5 Ra2+ 37. Ke3 Rb2 38. g5 Kd8 39. f3 Rb4 40. f4
Rb3+ 41. Ke2 Kd7 42. Kd2 Rb1 43. Kd3 Rd1+ 44. Ke3 Re1+ 1/2-1/2

[Event "17MCR_PFA"]
[Site "?"]
[Date "2003.??.??"]
[Round "?"]
[White "Kostal, Jindrich"]
[Black "Jakimic, Viktor"]
[Result "1-0"]
[WhiteElo "2330"]
[BlackElo "2135"]
[PlyCount "61"]
[EventDate "2003.??.??"]
[EventType "corr"]
[EventRounds "1"]
[SourceDate "2005.10.25"]

1. e4 c5 2. Nf3 Nc6 3. d4 cxd4 4. Nxd4 g6 5. Nc3 Bg7 6. Be3 Nf6 7. Bc4 d6 8. f3
O-O 9. Qd2 Bd7 10. h4 Qc7 11. Bb3 a5 12. Nxc6 bxc6 13. h5 d5 14. Bf4 e5 15. Bh6
Bxh6 16. Qxh6 a4 17. Bxd5 Kh8 18. hxg6 fxg6 19. O-O-O a3 20. b3 Bh3 21. Qxh3
cxd5 22. Nxd5 Nxd5 23. Rxd5 Rad8 24. Qe6 Qc3 25. Qxe5+ Qxe5 26. Rxe5 h5 27. c4
Kg7 28. Kc2 Kf6 29. Ra5 Ra8 30. Rxa8 Rxa8 31. b4 1-0

[Event "17MCR_PFA"]
[Site "?"]
[Date "2003.??.??"]
[Round "?"]
[White "Dedina, Miroslav"]
[Black "Toman, Antonin"]
[Result "1/2-1/2"]
[WhiteElo "2325"]
[BlackElo "2205"]
[PlyCount "134"]
[EventDate "2003.??.??"]
[EventType "corr"]
[EventRounds "1"]
[SourceDate "2005.10.25"]

1. e4 c5 2. Nf3 a6 3. d4 cxd4 4. Nxd4 Nf6 5. Nc3 e5 6. Nf3 Bb4 7. Bd2 O-O 8.
Bd3 d6 9. a3 Bxc3 10. Bxc3 Nbd7 11. O-O Nc5 12. Re1 Na4 13. Qd2 Bg4 14. Re3 Qc7
15. Be2 Nc5 16. Bd3 Bxf3 17. gxf3 Ne6 18. b3 Nf4 19. Bb2 N6h5 20. Kh1 Nh3 21.
Bf1 N5f4 22. c4 Rae8 23. Bxh3 Nxh3 24. Rc3 Re6 25. Rf1 Qe7 26. Bc1 Qh4 27. f4
Nxf4 28. Qc2 f5 29. exf5 Rh6 30. Bxf4 Qxf4 31. Rg3 Rxf5 32. Rfg1 Rf7 33. f3 Qe3
34. Qc1 Qxc1 35. Rxc1 b6 36. Kg2 Rc7 37. Rg4 b5 38. Rc2 Kf7 39. Rb2 Ke6 40.
cxb5 axb5 41. a4 bxa4 42. bxa4 Ra7 43. Rbb4 Kf5 44. h4 Rf6 45. Kg3 h6 46. Rb5
Rc7 47. a5 Rc3 48. Rxg7 Ke6 49. Kg2 Rcxf3 50. h5 Ra3 51. Rg8 Ra1 52. Rg6 Rxg6+
53. hxg6 h5 54. Rb8 Kf6 55. Rd8 Kxg6 56. Rxd6+ Kg5 57. Ra6 Kg4 58. Rg6+ Kf5 59.
Rh6 Ra2+ 60. Kf3 e4+ 61. Ke3 Ra3+ 62. Ke2 Kg5 63. Re6 Ra2+ 64. Ke3 Rxa5 65.
Rxe4 Rf5 66. Kd3 h4 67. Ke3 h3 1/2-1/2

[Event "17MCR_PFA"]
[Site "?"]
[Date "2003.??.??"]
[Round "?"]
[White "Kuta, Jiri"]
[Black "Geryk, Miroslav"]
[Result "1-0"]
[WhiteElo "2305"]
[BlackElo "2235"]
[PlyCount "73"]
[EventDate "2003.??.??"]
[EventType "corr"]
[EventRounds "1"]
[SourceDate "2005.10.25"]

1. d4 Nf6 2. c4 e6 3. Nf3 d5 4. Nc3 c6 5. e3 Nbd7 6. Bd3 dxc4 7. Bxc4 b5 8. Bd3
Bb7 9. O-O a6 10. e4 c5 11. d5 Qc7 12. dxe6 fxe6 13. Bc2 Bd6 14. Ng5 Nf8 15. f4
O-O-O 16. Qe1 e5 17. Nd5 Bxd5 18. exd5 exf4 19. Qe2 c4 20. Kh1 Kb8 21. a4 b4
22. b3 Nxd5 23. Qxc4 Qxc4 24. bxc4 Ne3 25. Bxe3 fxe3 26. Nf7 Ne6 27. Rae1 Bc5
28. Bf5 Nd4 29. Bd3 Nb3 30. Nxd8 Rxd8 31. Bxh7 Rd2 32. Rf3 Ra2 33. g4 Nd2 34.
Rf7 b3 35. h4 Bd4 36. Rf4 Kc7 37. Kg2 1-0

[Event "17MCR_PFA"]
[Site "?"]
[Date "2003.??.??"]
[Round "?"]
[White "Vondracek, Emil"]
[Black "Javorsky, Jan"]
[Result "1/2-1/2"]
[WhiteElo "2275"]
[BlackElo "2245"]
[PlyCount "97"]
[EventDate "2003.??.??"]
[EventType "corr"]
[EventRounds "1"]
[SourceDate "2005.10.25"]

1. e4 e6 2. d4 d5 3. Nd2 c5 4. exd5 exd5 5. Ngf3 Nf6 6. Bb5+ Bd7 7. Bxd7+ Nbxd7
8. O-O Be7 9. dxc5 Nxc5 10. Re1 O-O 11. Nf1 Re8 12. Be3 a5 13. Ng3 a4 14. Nd4
Nce4 15. Nxe4 dxe4 16. Nf5 Qc7 17. Bd4 Qf4 18. Nxe7+ Rxe7 19. Qc1 Qxc1 20.
Raxc1 Nd5 21. Rcd1 Rc8 22. Ba7 Nf4 23. Bc5 Re6 24. Rd7 h6 25. Be3 g5 26. c3 Nd3
27. Rb1 b5 28. Bd4 b4 29. Kf1 Ree8 30. Rd6 Kh7 31. h3 Re7 32. h4 gxh4 33. cxb4
Nxb4 34. Be3 Re6 35. Rxe6 fxe6 36. b3 a3 37. Rc1 Rd8 38. Kg1 Kg6 39. Kh2 Rd3
40. Rc4 Nxa2 41. Rxe4 e5 42. Ra4 Rxb3 43. Bc5 Nc3 44. Ra6+ Kf5 45. Bxa3 h3 46.
gxh3 h5 47. Bc1 Nd1 48. Kg2 Rc3 49. Bd2 1/2-1/2

[Event "17MCR_PFA"]
[Site "?"]
[Date "2003.??.??"]
[Round "?"]
[White "Prchly, Milos"]
[Black "Klempar, Miloslav"]
[Result "1-0"]
[WhiteElo "2270"]
[BlackElo "2250"]
[PlyCount "63"]
[EventDate "2003.??.??"]
[EventType "corr"]
[EventRounds "1"]
[SourceDate "2005.10.25"]

1. d4 Nf6 2. c4 e6 3. Nc3 Bb4 4. e3 O-O 5. Bd3 d5 6. Nf3 c5 7. O-O Nc6 8. a3
Bxc3 9. bxc3 Qc7 10. cxd5 exd5 11. Nh4 c4 12. Bc2 Ne4 13. Bb2 Re8 14. Qh5 Nf6
15. Qe2 Qf4 16. g3 Qh6 17. Rfe1 Bh3 18. f3 Qh5 19. e4 Rad8 20. e5 Nd7 21. Qf2
f6 22. g4 Bxg4 23. fxg4 Qxg4+ 24. Kh1 fxe5 25. Rg1 Qe6 26. Bxh7+ Kxh7 27. Rxg7+
Kxg7 28. Rg1+ Kh8 29. Ng6+ Qxg6 30. Rxg6 Re7 31. Rxc6 Rh7 32. Rf6 1-0

[Event "17MCR_PFA"]
[Site "?"]
[Date "2003.??.??"]
[Round "?"]
[White "Novak, Vratislav"]
[Black "Bosak, Zdenek"]
[Result "1-0"]
[WhiteElo "2265"]
[BlackElo "2250"]
[PlyCount "83"]
[EventDate "2003.??.??"]
[EventType "corr"]
[EventRounds "1"]
[SourceDate "2005.10.25"]

1. e4 c5 2. Nf3 Nc6 3. Bb5 g6 4. O-O Bg7 5. c3 Nf6 6. e5 Nd5 7. d4 cxd4 8. cxd4
O-O 9. Nc3 Nc7 10. Bf4 Nxb5 11. Nxb5 a6 12. Nc3 d6 13. exd6 exd6 14. d5 Ne5 15.
Nxe5 dxe5 16. Be3 b5 17. Bc5 Re8 18. d6 Qd7 19. Nd5 Bb7 20. Ne7+ Kh8 21. Qb3
Rxe7 22. dxe7 Qc6 23. Qf3 Qxf3 24. gxf3 Bxf3 25. Rac1 Re8 26. Rc3 e4 27. Ra3
Bxb2 28. Rxa6 Kg7 29. Rb1 Bf6 30. Ra7 Be2 31. Rb4 Bd3 32. Rd7 Bc2 33. Kg2 h5
34. h4 Bxh4 35. Rd2 Ba4 36. Rxe4 Bf6 37. f3 Bg5 38. f4 Bf6 39. Bb4 Kh6 40. Ree2
Kh7 41. Rd7 Kg7 42. Kh3 1-0